Easy Movie Quiz - Statistics

General Stats
  • This quiz has been taken 58 times
  • The average score is 8 of 15
Answer Stats
Question Answer % Correct
Who famously said in Star Wars: The Empire Strikes Back, "I am your Father." Darth Vader
94%
Which character tragically died after saving the world with a snap in Avengers: Endgame? Iron Man
83%
Famous quotes such as, "Toto, I have a feeling we're not in Kansas anymore," and, "There's no place like home," were from which famous 1939 film? The Wizard of Oz
83%
Heath Ledger portrayed what character with fantastic fashion in 'The Dark Knight?' The Joker
79%
Back to the Future was released in what year? 1985
77%
What movie was made in 1997, after the tragic events that took place on 15th April 1912, making it the 3rd highest-grossing film so far? Titanic
75%
Name the movie from the plotline: A nanny teaches 2 children valuable life lessons by using magic. Mary Poppins
73%
Who famously directed 'Schindler's List', 'Jurassic Park', and 'Jaws'. Steven Spielberg
73%
Which movie has the likes of Vito Corleone and Tom Hagen? The Godfather
52%
Who famously starred as Ellis Boyd Redding in "The Shawshank Redemption?' Morgan Freeman
46%
James Cameron is one of the most beloved directors of all time. What was the film that he directed in 1984 that made him a superstar? The Terminator
31%
Name the film director from the plotline: Girl stays at a motel, while the motel owner is a villain that tries to murder her. Alfred Hitchcock
21%
'Dr. No' was the first James Bond film released in 1962. But, 'Dr. No' was when James Bond was already a assassin. So, which film was chronologically first in the James Bond timeline? (This was when James Bond was on his first mission) Casino Royale
17%
Who directed the first two 'Harry Potter' films? Christopher Columbus
17%
What was notable about the film, 'The Mask?' (apart from Jim Carrey being so funny) Cameron Diaz' first film
2%
No matching quizzes found
Score Distribution
Percent of People with Each Score
Percentile by Number Answered
Your Score History
You have not taken this quiz